000 00628nam a2200229Ia 4500
003 OSt
005 20220918175620.0
006 a|||||r|||| 00| 0
007 ta
008 220917b |||||||| |||| 00| 0 eng d
024 _a18,220
037 _cTextual
040 _aARTS
_cARTS
_beng
041 _2eng
_aeng
082 _aO111,1M65:g, K0
100 _aMelchiori Giorgio
_954541
245 0 _aWhole mystery of art
_b Pattern into poetry in the work of W B Yeats
260 _c1960
650 _aENGLISH LITERATURE
942 _hO111,1M65:g, K0
_cTEXL
_2CC
999 _c158350
_d158350